000
00308nam a2200133Ia 4500
008
240624s9999 xx 000 0 und d
041
_a
eng
082
_a
828 PAT
100
_a
PATTANAIK DEVDUTT
245
_a
MY HANUMAN CHALISA
260
_c
2001
_a
New Delhi
_b
Vakils
300
_a
134 p.
365
_c
RS
_b
30
999
_c
29195
_d
29195